[Event "ESP-ch 87th"]
[Site "Linares"]
[Date "2022.08.15"]
[Round "6"]
[White "Domingo Nunez, Alejandro"]
[Black "Del Carmen Hernandez, Aimer"]
[Result "1-0"]
[WhiteElo "2345"]
[BlackElo "2036"]
[PlyCount "45"]
[EventDate "2022.08.11"]
[EventType "swiss"]
[EventRounds "9"]
[EventCountry "ESP"]
[SourceTitle "CBM 209 Extra"]
[Source "ChessBase"]
[SourceDate "2022.09.30"]
[SourceVersion "1"]
[SourceVersionDate "2022.09.30"]
[SourceQuality "1"]

1. e4 c5 2. Nf3 Nc6 3. Bb5 d6 4. 0-0 Bd7 5. Re1 e6 6. c3 Nge7 7. d4 Qb6 8. Ba4 Rd8 9. d5 Ne5 10. Bxd7+ Rxd7 11. dxe6 Nxf3+ 12. Qxf3 fxe6 13. Qg4 e5 14. Nd2 Ng6 15. Nf3 Be7 16. h4 Bf6 17. h5 Nf4 18. Bxf4 exf4 19. Rad1 Qc7 20. h6 Be5 21. Nxe5 dxe5 22. Qe6+ Re7 23. hxg7 1-0

[Event "ESP-ch U18 Rapid"]
[Site "Salobrena"]
[Date "2022.08.07"]
[Round "6"]
[White "Guillermo Gonzalez, Alvaro"]
[Black "Del Carmen Hernandez, Aimer"]
[Result "0-1"]
[WhiteElo "1909"]
[BlackElo "1602"]
[PlyCount "88"]
[EventDate "2022.08.06"]
[EventType "swiss (rapid)"]
[EventRounds "9"]
[EventCountry "ESP"]
[SourceTitle "EXT 2023"]
[Source "ChessBase"]
[SourceDate "2022.10.05"]
[SourceVersion "1"]
[SourceVersionDate "2022.10.05"]
[SourceQuality "1"]

1. a3 e5 2. b4 d5 3. Bb2 Bd6 4. e3 Nf6 5. Nf3 Bg4 6. Be2 Nbd7 7. d3 c6 8. 0-0 Qc7 9. Nfd2 Bf5 10. h3 g5 11. c4 h5 12. cxd5 cxd5 13. Nc3 g4 14. e4 Be6 15. Nb5 Qc6 16. d4 gxh3 17. g3 a6 18. Rc1 Qb6 19. Nxd6+ Qxd6 20. dxe5 Nxe5 21. Nc4 Nxc4 22. Bxf6 Rg8 23. Bh4 Ne5 24. exd5 Bxd5 25. Rc5 Rd8 26. f4 Ng4 27. Bxg4 Rxg4 28. Re1+ Kf8 29. Qd4 Kg8 30. Kh2 Be6 31. Qxd6 Rxd6 32. Re2 Rd3 33. Rxh5 Kg7 34. Rg5+ Rxg5 35. Bxg5 Rxa3 36. Rb2 f6 37. Bh4 b5 38. Rc2 Kg6 39. Re2 Bg4 40. Rb2 a5 41. bxa5 Rxa5 42. Rd2 b4 43. Rd6 Ra2+ 44. Kg1 h2+ 0-1

[Event "ESP-chT Regional U14"]
[Site "Padron"]
[Date "2017.06.23"]
[Round "3.2"]
[White "Quintana Toribio, Felix"]
[Black "Del Carmen Hernandez, Aimer"]
[Result "0-1"]
[WhiteElo "1529"]
[BlackElo "1619"]
[PlyCount "94"]
[EventDate "2017.06.22"]
[EventType "team"]
[EventRounds "6"]
[EventCountry "ESP"]
[SourceTitle "EXT 2018"]
[Source "ChessBase"]
[SourceDate "2017.10.13"]
[SourceVersion "1"]
[SourceVersionDate "2017.10.13"]
[SourceQuality "1"]
[WhiteTeam "Castilla y Leon (U14)"]
[BlackTeam "Navarra (U14)"]
[WhiteTeamCountry "ESP"]
[BlackTeamCountry "ESP"]

1. d4 Nf6 2. c4 c5 3. d5 d6 4. Nc3 g6 5. e4 Bg7 6. f4 0-0 7. Nf3 e6 8. Be2 exd5 9. cxd5 Re8 10. Nd2 a6 11. a4 h5 12. h3 Nbd7 13. 0-0 Qe7 14. Bf3 Rb8 15. Nc4 b5 16. Na5 Rb6 17. Nc6 Qf8 18. axb5 axb5 19. Re1 Bb7 20. e5 dxe5 21. fxe5 Nh7 22. e6 fxe6 23. dxe6 Ndf6 24. e7 Qf7 25. Nd8 Bxf3 26. Qxf3 Qc4 27. Bf4 b4 28. Bc7 Ra6 29. Rxa6 Qxa6 30. Nd5 Qa2 31. Nb6 Qxb2 32. Nc8 Qd4+ 33. Kh1 Ng5 34. Qe3 Qxe3 35. Rxe3 Nd5 36. Re1 Nxc7 37. Nd6 b3 38. Nxe8 Nxe8 39. Nc6 b2 40. Rb1 Ne4 41. Rxb2 Bxb2 42. Kg1 c4 43. Nb4 Ba3 44. Nc2 Bxe7 45. Kf1 c3 46. Ke2 N8d6 47. Kd3 Bf6 0-1

[Event "EU School-ch U13"]
[Site "Budva"]
[Date "2017.06.11"]
[Round "1.2"]
[White "Unat, Can Haktan"]
[Black "Del Carmen Hernandez, Aimer"]
[Result "1-0"]
[WhiteElo "2043"]
[BlackElo "1619"]
[PlyCount "42"]
[EventDate "2017.06.11"]
[EventType "swiss"]
[EventRounds "9"]
[EventCountry "MNE"]
[SourceTitle "EXT 2024"]
[Source "ChessBase"]
[SourceDate "2023.10.10"]
[SourceVersion "1"]
[SourceVersionDate "2023.10.10"]
[SourceQuality "1"]

1. e4 c5 2. Nf3 d6 3. Bb5+ Bd7 4. Bxd7+ Qxd7 5. c4 g6 6. d4 cxd4 7. Nxd4 Bg7 8. Nc3 Nc6 9. Be3 Nf6 10. h3 Rc8 11. b3 0-0 12. 0-0 Rc7 13. Rc1 a6 14. Qd2 e6 15. Nde2 Ne7 16. Bf4 Rd8 17. Rfd1 Ne8 18. a4 Qc6 19. a5 Rcd7 20. Qe3 Qc5 21. Na4 Qxa5 1-0

[Event "Benidorm New Generation U12 11th"]
[Site "Benidorm"]
[Date "2015.12.07"]
[Round "6.3"]
[White "Pascual Garcia, Martin"]
[Black "Del Carmen Hernandez, Aimer"]
[Result "1-0"]
[WhiteElo "1420"]
[BlackElo "1450"]
[PlyCount "79"]
[EventDate "2015.12.04"]
[EventType "swiss"]
[EventRounds "7"]
[EventCountry "ESP"]
[SourceTitle "EXT 2024"]
[Source "ChessBase"]
[SourceDate "2023.10.10"]
[SourceVersion "1"]
[SourceVersionDate "2023.10.10"]
[SourceQuality "1"]

1. d4 Nf6 2. c4 e6 3. Nc3 Bb4 4. Bd2 Nc6 5. d5 Bxc3 6. Bxc3 Nb8 7. Nf3 exd5 8. cxd5 d6 9. Bxf6 Qxf6 10. Qd4 Qxd4 11. Nxd4 0-0 12. e4 Re8 13. Bd3 f5 14. f3 fxe4 15. fxe4 Bd7 16. h3 c6 17. 0-0 Re5 18. Nf5 Bxf5 19. Rxf5 Rxf5 20. exf5 cxd5 21. Rd1 Nd7 22. Be2 Nf6 23. Bf3 Kf8 24. Bxd5 Rb8 25. g4 h6 26. Bf3 d5 27. h4 Rd8 28. g5 hxg5 29. hxg5 Ng8 30. Rxd5 Rxd5 31. Bxd5 b6 32. Bxg8 Kxg8 33. Kf2 Kf7 34. Kf3 Ke7 35. Ke4 Kd6 36. g6 Ke7 37. Ke5 a6 38. b4 Ke8 39. Ke6 Kf8 40. f6 1-0